00145nam a22000737a 4500082001700000100001400017245003100031300000900062 a624.171bRED aC.S.Reddy aBasic Structural Analysis. a778